Manual de Derecho Individual del Trabajo
Uloženo v:
| Hlavní autor: | |
|---|---|
| Další autoři: | |
| Médium: | Neznámo |
| Vydáno: |
Santiago, Chile:
Ediciones DER,
2019.
|
| Vydání: | Primera edición |
| Edice: | Manuales
|
| Témata: | |
| Tagy: |
Přidat tag
Žádné tagy, Buďte první, kdo vytvoří štítek k tomuto záznamu!
|
MARC
| LEADER | 00000 a2200000 4500 | ||
|---|---|---|---|
| 003 | CL-VaPUC | ||
| 005 | 20241115093930.0 | ||
| 008 | 240529t2019 ||||| |||| 00| 0 eng d | ||
| 999 | |c 443787 |d 443785 | ||
| 020 | |a 978-956-9959-44-8 | ||
| 040 | |c Pontificia Universidad Católica de Valparaíso | ||
| 082 | 7 | |2 22 |a 344.8301 LIZ 2019 | |
| 100 | |a Lizama Portal, Luis Guillermo |9 779336 |e autor | ||
| 245 | |a Manual de Derecho Individual del Trabajo | ||
| 250 | |a Primera edición | ||
| 260 | |a Santiago, Chile: |b Ediciones DER, |c 2019. | ||
| 300 | |a 295 páginas. | ||
| 490 | |a Manuales | ||
| 583 | |k GC |c 20240529 | ||
| 650 | 0 | |9 862118 |a Derecho laboral |v Manual |z Chile | |
| 650 | 0 | |9 254966 |a Contratos de trabajo |x Prohibición |x Extinción |x Salarios (Remuneración) |x Subcontratación |z Chile | |
| 700 | |9 869098 |a Lizama Castro, Diego |e autor | ||
| 942 | |2 ddc |c BK | ||
| 952 | |0 0 |1 0 |2 ddc |4 0 |6 344_830100000000000_LIZ_2019 |7 0 |8 A |9 594881 |a BIBDER |b BIBDER |d 2024-05-29 |e 22 |g 29000.50 |i 5661434 |l 2 |m 2 |o 344.8301 LIZ 2019 |p 5661434 |q 2025-05-16 |r 2025-05-02 |s 2025-05-02 |t 1 |v 29000.50 |w 2024-05-29 |y BK |k DER | ||
| 952 | |0 0 |1 0 |2 ddc |4 0 |6 344_830100000000000_LIZ_2019 |7 0 |8 A |9 594882 |a BIBDER |b BIBDER |d 2024-05-29 |e 22 |g 29000.50 |i 5661435 |l 2 |m 3 |o 344.8301 LIZ 2019 |p 5661435 |r 2024-11-15 |s 2024-10-23 |t 2 |v 29000.50 |w 2024-05-29 |y BK |k DER | ||